Score 0/10 Timer 05:00
1 Play Today
Question Answer % Correct
What's wrong with Marshall and Lily's apartment?The floor is crooked
67.3%
What kind of animal can't stand Lily's artwork?Birds
64.7%
Who does Barney bet he can get Ted to grow a moustache?Ted
61%
What item does Blah Blah sell in Japan?Handbag
54.4%
What word does Robin use in so many sentences her friends can't stand it?Literally
53.2%
What was the name of Ted's detective club he had as a kid?The Mosby Boys
45.9%
The girl that Barney and Ted make a bet over plays bass in what kind of band?Reggae
43.5%
What is the name of the website that Marshall sends to Barney?slapcountdown.com
30.5%
Who does Barney seduce, breaking the Platinum Rule?Wendy the Waitress
28.6%
What amusement park does Marshall join an evil firm to defend?Tuckahoe Funland
18%
Remove Ads.
Support Sporcle.
Get the best of Sporcle when you Go Orange. This ad-free experience offers more features, more stats, and more fun while also helping to support Sporcle. Thank you for becoming a member.

You're not logged in!

Compare scores with friends on all Sporcle quizzes.
OR
Log In

Show Comments

Extras

Top Quizzes Today


Score Distribution

Your Account Isn't Verified!

In order to create a playlist on Sporcle, you need to verify the email address you used during registration. Go to your Sporcle Settings to finish the process.

Report this User

Report this user for behavior that violates our Community Guidelines.

Details: